| 000 | 00773nam a2200193 u 4500 | ||
|---|---|---|---|
| 001 | 000363533 | ||
| 003 | AM-YeHGA | ||
| 005 | 20250618072243.0 | ||
| 008 | 040924s1981 ai r 000 0 rus d | ||
| 040 | _aAM-YeHGA | ||
| 041 | 1 |
_arus _harm |
|
| 100 | 1 |
_aԱյվազյան, Սուրեն Բախշիի, _d1915-1981 _988 |
|
| 245 | 1 | 0 |
_aСудьба армянская : _bИсторический роман / _cС.Б. Айвазян; Перев. Р. Кафриэлянц. |
| 260 |
_aЕреван : _bСоветакан грох, _c1981. |
||
| 300 |
_a520 стр. : _b1 л. портр. ; _c21 см. |
||
| 650 | 1 | 4 |
_aАрмянская литература _xИсторический роман |
| 700 | 1 |
_aКафриэлянц, Регина _eперев. _4trl |
|
| 090 | _c140476 | ||
| 999 |
_c139099 _d139099 |
||